000 nam a22 7a 4500
999 _c2444
_d2444
005 20170516124246.0
008 170516b1982 ilu||||| |||| 00| 0 eng d
020 _a0256026556
040 _aAKMAL
082 _a519.5 PUN
090 _a519.5
_bPUN
100 1 _aRunyon, Richard P.
_95060
245 1 0 _aBusiness statistics /
_cRichard P. Runyon, Audrey Haber.
260 _aHomewood, Ill. :
_bR.D. Irwin,
_c1982.
300 _axiv, 598 p. :
_bill. ;
_c25 cm
500 _a Includes index.
650 0 _aCommercial statistics.
_94918
700 1 _a Haber, Audrey.
_95061
942 _2ddc
_cBOOK